[Event "171nd open MGU"]
[Site "Sofia"]
[Date "2016.09.10"]
[Round "1.1"]
[White "Metev, Martin"]
[Black "Mihalev, Daniil"]
[Result "1-0"]
[WhiteElo "2040"]
[BlackElo "1790"]
[PlyCount "43"]
[EventDate "2016.09.10"]
[EventType "swiss"]
[EventRounds "6"]
[EventCountry "BUL"]

{B34: Sicilian: Accelerated Dragon with 5 Nc3: sidelines} 1. e4 g6 2. d4 Bg7 3.
Nf3 c5 4. Nc3 cxd4 5. Nxd4 Nc6 6. Be3 Nf6 7. f3 d5 8. Bb5 O-O (8... Bd7 9. exd5
Nb4 10. O-O Nbxd5 11. Nxd5 Nxd5 12. Bf2 O-O 13. Bxd7 Qxd7 14. c3 Rfd8 15. Qc2
Rac8 16. Rad1 b5 17. Qb3 a6 18. Rfe1 e6 19. a3 Qc7 20. Qc2 Qc4 21. Qe4 e5 22.
Ne2 Qxe4 23. fxe4 {Travenec,I (2235)-Petrik,S (2230) Slovakia 1999 0-1 (38)})
9. Bxc6 (9. Nxc6 bxc6 10. Bxc6 Rb8 11. exd5 Ba6 12. Kf2 Rxb2 13. Re1 Ng4+ 14.
fxg4 Bxc3 15. Rh1 Qd6 16. a4 Qf6+ 17. Kg1 Rb4 18. Rb1 Bd4 19. Bxd4 Rxb1 20.
Bxf6 Rxd1+ 21. Kf2 Rxh1 22. Bxe7 Rf1+ 23. Kg3 Rd1 {
Nazareth,D (1960)-Sanchez,N (2178) Naujac sur Mer 2014 0-1}) 9... bxc6 10. Nxc6
Qd6 $2 $146 (10... Qd7 11. Nxd5 Nxd5 12. Qxd5 Qxd5 13. Nxe7+ Kh8 14. Nxd5 Rb8
15. Rb1 Be6 16. b3 Rfc8 17. c4 Rxc4 18. Bxa7 Rb7 19. Rd1 Rc2 20. Be3 Rxa2 21.
O-O Rxb3 22. Rf2 Rxf2 23. Kxf2 h5 24. Nf4 Rb2+ 25. Rd2 {
Tverskaya,J (2090)-Burtman,S (2055) Long Beach 1993 1-0 (54)}) (10... Qc7 11.
Nxd5 (11. exd5 Ba6 12. Kf2 Rfe8 13. Nd4 Rab8 14. Rb1 Rec8 15. Qd2 Ne8 16. Nc6
Nd6 17. b3 Rb7 18. Bd4 Bf8 19. a4 Nf5 20. Ne4 Nxd4 21. Qxd4 Bg7 22. Qe3 e6 23.
Nc5 exd5 24. Nxb7 Qxc6 25. Nc5 d4 {Burkholder,B-Theil,C Parsipanny 2009 0-1})
11... Nxd5 12. exd5 Bxb2 13. Rb1 Bc3+ 14. Kf2 e6 15. Qd3 Bg7 16. c4 exd5 17.
cxd5 Bf5 18. Qb5 Bxb1 19. Rxb1 Rfe8 20. Bc5 Qxh2 21. Ne7+ Kh8 22. Qc4 Bf6 23.
d6 Qh4+ 24. Qxh4 Bxh4+ 25. g3 {
Tyn,M (1932)-Naplava,P (1914) Czechia 2009 0-1 (58)}) (10... Qc7 11. exd5 e6
12. Qd2 $14) 11. exd5 (11. Nxd5 Nxd5 12. Qxd5 Bxb2 $16) 11... e6 12. Nb5 {
White threatens to win material: Nb5xd6. White forks: d6+a7} (12. Bxa7 $4 {
the pawn must remain untouched} Nxd5 13. Nxd5 exd5 $19) 12... Qd7 13. Bc5 $4 {
forfeits the advantage} (13. Ncxa7 $5 Nxd5 14. Bd4 $14) 13... Re8 {
Black has a cramped position} (13... Nxd5 $5 14. Ncxa7 Ba6 $17) 14. Nd6 {
White threatens to win material: Nd6xe8} (14. Nbxa7 $2 {
would be great except for} exd5+ 15. Kf2 Bb7 $19) (14. Ncxa7 $6 {
is the weaker alternative} exd5+ 15. Kf2 Nh5 $11) 14... exd5+ $4 {
releasing the pressure on the opponent.} (14... Nxd5 $142 {is a viable option}
15. Nb4 Rd8 16. Nxd5 exd5 17. Qxd5 Qe7+ 18. Qe4 Be6 $15) 15. Nxe8 $16 Qxe8+ (
15... Qxc6 16. Nxf6+ Bxf6 17. Bd4 $16) 16. Ne7+ $18 Kh8 17. O-O Be6 18. g4 (18.
Qd3 Nd7 19. Ba3 Ne5 $18) 18... Nd7 19. Ba3 (19. Bb4 Ne5 20. b3 Qd7 $16) 19...
Nb6 20. f4 f5 $2 (20... Nc4 $142 21. Qd3 Nxb2 $16) 21. Re1 $18 Qd7 (21... Qf7
22. Qe2 Bd7 23. g5 $18) 22. Qe2 (22. Qe2 Bf7 23. gxf5 gxf5 24. Qd3 $18) 1-0

[Event "171nd open MGU"]
[Site "Sofia"]
[Date "2016.09.10"]
[Round "1.3"]
[White "Ignatov, Bojidar"]
[Black "Ginev, Nikola"]
[Result "1-0"]
[WhiteElo "1931"]
[BlackElo "1696"]
[PlyCount "99"]
[EventDate "2016.09.10"]
[EventType "swiss"]
[EventRounds "6"]
[EventCountry "BUL"]

{E94: King's Indian: Classical: 6 Be2 e5 7 0-0: Various Black 7th moves} 1. d4
Nf6 2. c4 g6 3. Nc3 Bg7 4. e4 d6 5. Nf3 O-O 6. Be2 Nbd7 7. O-O e5 8. dxe5 dxe5
9. h3 c6 10. Be3 Qe7 11. Qc2 Re8 12. a3 Nf8 13. b4 Nh5 14. Rfd1 Nf4 15. Bf1 {
White has a very active position} N8e6 $146 (15... Qf6 16. Nd2 g5 17. c5 N8e6
18. Nc4 Nd4 19. Bxd4 exd4 20. e5 Qg6 21. Qxg6 Nxg6 22. Rxd4 Nxe5 23. Nd6 Rd8
24. Rad1 Be6 25. Nce4 h6 26. R4d2 b5 27. Nb7 Rxd2 28. Rxd2 Nc4 29. Bxc4 Bxc4
30. g4 {Gil,J-Li Torres,M (2295) Fuerteventura 1992 1/2 (61)}) 16. Ne2 (16. Rd2
Ng5 17. Nxg5 Qxg5 $11) 16... Nxe2+ 17. Qxe2 (17. Bxe2 c5 $11) 17... c5 $15 18.
bxc5 Nxc5 {The knight is not easily driven from c5} 19. Qc2 h6 {Covers g5} (
19... b6 $5 $15) 20. Nd2 $11 f5 21. f3 fxe4 (21... Be6 $5 $11) 22. Nxe4 $14
Nxe4 23. fxe4 ({Worse is} 23. Qxe4 Bf5 24. Qd5+ Kh8 $11) 23... Be6 24. c5 Red8
(24... Rec8 25. Bc4 Bxc4 26. Qxc4+ Kh7 27. a4 $16) 25. Bc4 $16 Kh7 26. Qb3 (26.
Bd5 Rd7 $16) 26... Bxc4 27. Qxc4 Rxd1+ 28. Rxd1 Rd8 {
Black threatens to win material: Rd8xd1} 29. Rd5 Rd7 30. Qd3 Rc7 {
Attacks the isolani on c5} 31. Rd8 Qf7 {White king safety dropped} 32. Qd5 Bf6
33. Rd6 {White plans c6} (33. Ra8 a6 $16) 33... Re7 (33... Qxd5 $5 34. exd5 Be7
$11) 34. a4 $16 Qg7 $2 (34... Bg5 $142 $5 35. Qxf7+ Rxf7 36. Bxg5 hxg5 $16) 35.
a5 $18 g5 $2 (35... Bh4 $142 $18) 36. a6 bxa6 37. c6 g4 (37... Qf7 $18) 38.
hxg4 Rf7 (38... Qf8 $18 {doesn't change anything anymore}) 39. Rd7 (39. Qe6
$142 {secures victory} a5 40. c7 Rxc7 41. Qf5+ Qg6 42. Rxf6 Qxf5 43. Rxh6+ Kg8
44. exf5 $18) 39... Rxd7 $16 40. cxd7 (40. Qxd7 $6 Qxd7 41. cxd7 a5 $11) 40...
Bd8 41. Qe6 Qf6 42. Qe8 (42. Qf5+ $142 Kg7 43. Bxa7 $18) 42... Qh4 $4 (42... a5
$142 $14 {was necessary}) 43. Qf7+ $18 Kh8 44. Qf8+ Kh7 45. Qf5+ Kg7 46. Bf2 (
46. Qxe5+ $142 $5 {and White can already relax} Bf6 47. g3 Bxe5 48. gxh4 Bc7
$18) 46... Qg5 47. Bxa7 (47. Qe6 Qe7 48. Qd5 Qg5 $16) 47... Qc1+ (47... a5 $142
$5 $16) 48. Kh2 $18 Qc3 $4 {leading to a quick end} (48... Qg5 $142 49. Kg3
Qh4+ 50. Kf3 Qe7 $18) 49. Bb8 Bf6 (49... Qc6 $18 {
the last chance for counterplay}) 50. d8=Q $1 {Deflection: e5. .} (50. d8=Q
Bxd8 51. Bxe5+ Qxe5+ 52. Qxe5+ Kf7 53. Qf5+ Ke8 54. Qe6+ Be7 55. Qxh6 $18) 1-0

[Event "171nd open MGU"]
[Site "Sofia"]
[Date "2016.09.10"]
[Round "1.5"]
[White "Andreev, Dobrotich"]
[Black "Mladenov, Andrey"]
[Result "1-0"]
[WhiteElo "1906"]
[BlackElo "1641"]
[PlyCount "47"]
[EventDate "2016.09.10"]
[EventType "swiss"]
[EventRounds "6"]
[EventCountry "BUL"]

1. e4 c5 2. Nf3 Nc6 3. d4 cxd4 4. Nxd4 Nf6 5. Nc3 e5 6. Ndb5 d6 7. Nd5 Nxd5 8.
exd5 Nb8 9. c4 Be7 10. Bd3 O-O 11. Be3 a6 12. Nc3 f5 13. f3 Nd7 14. O-O b6 15.
b4 Qc7 16. Qb3 Bb7 17. a4 a5 18. Nb5 Qd8 19. c5 bxc5 20. bxc5 e4 21. fxe4 Ne5
22. c6 Ba6 23. exf5 Bf6 24. Be2 1-0

[Event "171nd open MGU"]
[Site "Sofia"]
[Date "2016.09.10"]
[Round "1.6"]
[White "Georgiev, Nikolay Zh."]
[Black "Stamenov, Valeriy"]
[Result "1-0"]
[WhiteElo "1562"]
[BlackElo "1874"]
[PlyCount "89"]
[EventDate "2016.09.10"]
[EventType "swiss"]
[EventRounds "6"]
[EventCountry "BUL"]

{C28: Vienna Game: 2...Nf6 3 Bc4 Nc6} 1. e4 e5 2. Bc4 Nf6 3. d3 Nc6 4. Nc3 Be7
5. h3 (5. a3 d6 6. f4 Be6 7. f5 Bxc4 8. dxc4 g6 9. Be3 Qd7 10. Qf3 Nd4 11. Bxd4
exd4 12. Nd5 gxf5 13. exf5 c6 14. Nb4 d5 15. cxd5 c5 16. Nd3 Qxd5 17. O-O-O
O-O-O 18. Re1 Rhe8 19. Qxd5 Nxd5 {
Saric,I (2295)-Orlov,P (2405) Ulcinj 1997 0-1 (68)}) 5... Na5 $146 (5... d6 6.
f4 (6. Nge2 h6 (6... O-O 7. O-O Be6 8. Bb3 a6 9. f4 Bxb3 10. axb3 Qd7 11. Ng3
Rae8 12. Nf5 exf4 13. Bxf4 Ne5 14. Bg5 Ng6 15. Nxe7+ Rxe7 16. Bxf6 gxf6 17. Nd5
{1-0 (17) Rodriguez,G-Alvarez Abejon,A (2205) Asturias 1998}) 7. O-O Be6 8. Nd5
Qd7 9. f4 exf4 10. Nexf4 Bxd5 11. Nxd5 Nxd5 12. Bxd5 Rf8 13. a4 O-O-O 14. c3
Ne5 15. d4 c6 16. Ba2 Ng6 17. Bxf7 Nh4 18. d5 cxd5 19. exd5 Kb8 20. Be6 Qe8 {
Holmen,T-Reyes Barragan,M (2099) Dos Hermanas 2003 0-1}) 6... exf4 7. Bxf4 Ne5
8. Bb3 Be6 9. Nf3 Bxb3 10. axb3 Ng6 11. Be3 a6 12. O-O O-O 13. Nd4 d5 14. exd5
Nxd5 15. Nxd5 Qxd5 16. Nf5 Bf6 17. Qh5 Rad8 18. Bg5 Bxg5 19. Qxg5 f6 20. Qg3 {
Uzhva,A (2292)-Shishkin,A (2054) Dagomys 2004 1-0}) 6. Bb3 Nxb3 7. axb3 d6 8.
Be3 a6 {Controls b5} 9. g4 (9. f4 exf4 10. Bxf4 O-O $11) 9... Be6 10. Nge2 O-O
11. f4 exf4 12. Nxf4 {Black has a cramped position} Nd7 (12... d5 $142 $5 13.
Bd4 c5 $15) 13. Qd2 Bh4+ 14. Bf2 Ne5 15. O-O-O Bg5 16. Be3 Bxf4 17. Bxf4 {
Opposite coloured bishops appeared} Ng6 18. Bg3 c6 {Consolidates b5+d5} (18...
b5 19. Rhf1 $11) 19. Rdf1 b5 (19... h6 $5 $14 {should not be overlooked}) 20.
Qh2 $16 d5 21. exd5 cxd5 (21... Bxd5 22. Rhg1 Be6 23. Ne4 $14) 22. Ne2 (22. h4
$5 Ne7 23. h5 $16) 22... Rc8 $14 23. Nd4 Qb6 24. Qf2 a5 25. Nxe6 (25. Nf5 Qxf2
26. Rxf2 Bd7 $14) 25... Qxf2 26. Rxf2 fxe6 27. Rhf1 (27. Rxf8+ Rxf8 28. Bc7 Ra8
$14) 27... Rxf2 {Black forks: c2+f1} 28. Rxf2 e5 (28... Ne7 29. Kd2 $11) 29.
Kd2 $16 Re8 30. Rf5 d4 {Black gets more space} (30... Rf8 31. c4 bxc4 32. bxc4
dxc4 33. dxc4 $16) 31. h4 Rf8 (31... Re6 $5 $16) 32. Rxf8+ $18 Kxf8 33. h5 (33.
Ke2 $5 Ne7 34. Kf3 $16) 33... Nf4 34. Bxf4 exf4 {A pawn endgame occured.} 35.
Ke2 g6 36. hxg6 h6 $4 (36... hxg6 37. Kf3 g5 $16) 37. Kf3 $18 Kg7 38. Kxf4 Kxg6
39. Ke4 Kg5 40. Kf3 (40. Kxd4 $142 {and White has it in the bag} Kxg4 41. c4
$18) 40... Kf6 (40... Kh4 41. Ke4 Kg5 42. Kxd4 Kxg4 43. c4 bxc4 44. bxc4 $18)
41. Ke4 {White threatens to win material: Ke4xd4} Kg5 42. Kxd4 Kxg4 43. Ke3 h5
(43... b4 44. c4 bxc3 45. bxc3 $18) 44. c4 bxc4 (44... b4 45. d4 h4 $18) 45.
bxc4 1-0

[Event "171nd open MGU"]
[Site "Sofia"]
[Date "2016.09.10"]
[Round "2.4"]
[White "Mihalev, Daniil"]
[Black "Georgiev, Nikolay Zh."]
[Result "0-1"]
[WhiteElo "1790"]
[BlackElo "1562"]
[PlyCount "46"]
[EventDate "2016.09.10"]
[EventType "swiss"]
[EventRounds "6"]
[EventCountry "BUL"]

1. d4 d5 2. Bf4 Bf5 3. Nd2 Nf6 4. e3 e6 5. Ngf3 Bd6 6. Ne5 Nbd7 7. Ndf3 O-O 8.
Bd3 Ne4 9. h3 f6 10. Nxd7 Qxd7 11. g4 Bg6 12. h4 Rae8 13. h5 Bf7 14. g5 e5 15.
dxe5 fxe5 16. Bxe4 exf4 17. Bxd5 fxe3 18. Bxf7+ Qxf7 19. Rh3 Qf5 20. g6 exf2+
21. Kxf2 Qxh3 22. Qd5+ Kh8 23. Qf7 Qg3+ 0-1

[Event "171nd open MGU"]
[Site "Sofia"]
[Date "2016.09.10"]
[Round "2.7"]
[White "Mladenov, Andrey"]
[Black "Kostov, Nikolay"]
[Result "0-1"]
[WhiteElo "1641"]
[BlackElo "1708"]
[PlyCount "20"]
[EventDate "2016.09.10"]
[EventType "swiss"]
[EventRounds "6"]
[EventCountry "BUL"]

1. e4 e5 2. Nf3 Nc6 3. d4 exd4 4. Bc4 Nf6 5. O-O Be7 6. e5 Ne4 7. Re1 d5 8. Bb3
Be6 9. Nxd4 Nxd4 10. Qxd4 Bc5 0-1

[Event "171nd open MGU"]
[Site "Sofia"]
[Date "2016.09.10"]
[Round "3.1"]
[White "Georgiev, Nikolay Zh."]
[Black "Nikolov, Petko"]
[Result "0-1"]
[WhiteElo "1562"]
[BlackElo "1854"]
[PlyCount "64"]
[EventDate "2016.09.10"]
[EventType "swiss"]
[EventRounds "6"]
[EventCountry "BUL"]

1. e4 e6 2. d4 d5 3. Nd2 Nf6 4. e5 Nfd7 5. Bd3 c5 6. c3 Nc6 7. Ne2 cxd4 8. cxd4
f6 9. f4 f5 10. a3 Be7 11. O-O Nf8 12. b4 a6 13. Nb3 Bd7 14. Be3 b6 15. Nc3 a5
16. b5 Na7 17. Qh5+ g6 $4 (17... Ng6 18. g4 Rc8 $16) 18. Qe2 (18. Qh6 Rg8 19.
a4 $18) 18... Kf7 19. Rfc1 h5 20. Ra2 g5 21. Nd2 gxf4 22. Bxf4 Bg5 23. Bxg5
Qxg5 24. Rac2 Rc8 25. Nd1 Rg8 26. Ne3 Rxc2 27. Rxc2 Nxb5 $4 28. Nf3 Qf4 (28...
Qh6 29. Bxb5 Bxb5 30. Nxf5 $18) 29. Nxd5 exd5 30. Bxb5 Bxb5 31. e6+ $4 (31.
Qxb5 Kg7 32. Qxb6) 31... Kf6 $4 (31... Nxe6 32. Qxb5 Qxf3 $19) 32. Qxb5 Qxf3
0-1

[Event "171nd open MGU"]
[Site "Sofia"]
[Date "2016.09.10"]
[Round "3.5"]
[White "Kostov, Nikolay"]
[Black "Ginev, Nikola"]
[Result "0-1"]
[WhiteElo "1708"]
[BlackElo "1696"]
[PlyCount "74"]
[EventDate "2016.09.10"]
[EventType "swiss"]
[EventRounds "6"]
[EventCountry "BUL"]

1. d4 Nf6 2. c4 g6 3. Nc3 Bg7 4. h3 d6 5. e4 O-O 6. Nf3 e5 7. dxe5 dxe5 8. Qc2
Nc6 9. Bg5 Nd4 10. Nxd4 exd4 11. Nd5 c6 12. Nb4 Qa5 13. Bd2 Qe5 14. f3 Qg3+ 15.
Kd1 a5 16. Nd3 Re8 17. Bf4 Qh4 18. g3 Qh5 19. g4 Qh4 20. Qf2 Qxf2 21. Nxf2 Nd7
22. Nd3 Ne5 23. Bxe5 Bxe5 24. f4 Bg7 25. Bg2 Be6 26. b3 a4 27. Ke2 f6 28. Bf3
b5 29. cxb5 cxb5 30. Kd2 axb3 31. axb3 Bxb3 32. e5 Rxa1 33. Rxa1 fxe5 34. Nxe5
Bxe5 35. fxe5 Rxe5 36. Ra8+ Kg7 37. Rd8 Re3 0-1

[Event "171nd open MGU"]
[Site "Sofia"]
[Date "2016.09.10"]
[Round "3.7"]
[White "Mladenov, Andrey"]
[Black "Stamenov, Valeriy"]
[Result "0-1"]
[WhiteElo "1641"]
[BlackElo "1874"]
[PlyCount "44"]
[EventDate "2016.09.10"]
[EventType "swiss"]
[EventRounds "6"]
[EventCountry "BUL"]

1. d4 d5 2. c4 c6 3. Nc3 e6 4. Nf3 dxc4 5. e3 b5 6. a4 Bb4 7. Bd2 Bb7 8. axb5
Bxc3 9. Bxc3 cxb5 10. b3 a5 11. bxc4 b4 12. Bd2 Nf6 13. Bd3 O-O 14. O-O Nbd7
15. Qa4 Qc7 16. Be2 Rfb8 17. Rfb1 Bc6 18. Qc2 a4 19. Qb2 Be4 20. Rc1 Qb7 21.
Ne1 b3 22. f3 $4 (22. Ra3 $142 $11) 22... a3 0-1

[Event "171nd open MGU"]
[Site "Sofia"]
[Date "2016.09.11"]
[Round "4.1"]
[White "Nikolov, Petko"]
[Black "Metev, Martin"]
[Result "1/2-1/2"]
[WhiteElo "1854"]
[BlackElo "2040"]
[PlyCount "144"]
[EventDate "2016.09.10"]
[EventType "swiss"]
[EventRounds "6"]
[EventCountry "BUL"]

1. e4 e6 2. d4 d5 3. exd5 exd5 4. Nf3 Nf6 5. Bd3 Bd6 6. O-O O-O 7. Bg5 Bg4 8.
Nbd2 Re8 9. c3 c6 10. Qc2 h6 11. Bh4 Nbd7 12. Rfe1 Qc7 13. Bg3 Bxg3 14. hxg3
Kf8 15. Nh4 Ng8 16. Nf5 Ne7 17. Nxe7 Rxe7 18. Rxe7 Kxe7 19. Re1+ Kf8 20. Bf5
Bxf5 21. Qxf5 Nf6 22. Qd3 Re8 23. Rxe8+ Kxe8 24. Qe2+ Qe7 25. Kf1 Kd7 26. Qxe7+
Kxe7 27. Ke2 Kd6 28. f3 Nh5 29. Nf1 f5 30. Ke3 g5 31. Kd3 c5 32. b4 cxb4 33.
cxb4 Kc6 34. a4 Kb6 35. Kc3 Kc6 36. Kd3 b6 37. Kd2 a5 38. b5+ Kd6 39. Ke2 Ke6
40. Kf2 Nf6 41. Nd2 Ne8 42. Nb1 Nd6 43. Nc3 Nc4 44. Ke2 h5 45. Kf2 f4 46. gxf4
gxf4 47. g3 Nb2 48. gxf4 Kf5 49. Kg3 Kg6 50. Kh4 Nc4 51. Nxd5 Kf5 52. Kxh5 Ke6
53. Nc7+ Kf5 54. d5 Kxf4 55. Kg6 Ke5 56. f4+ Kd6 57. Ne8+ Kxd5 58. f5 Ne5+ 59.
Kf6 Ng4+ 60. Ke7 Kc5 61. Kd7 Ne5+ 62. Kc7 Kb4 63. Kxb6 Kxa4 64. Kc5 Kb3 65. Kd6
Nc4+ 66. Ke6 a4 67. f6 a3 68. f7 a2 69. f8=Q a1=Q 70. Nd6 Qe5+ 71. Kd7 Nxd6 72.
Qxd6 Qxb5+ 1/2-1/2

[Event "171nd open MGU"]
[Site "Sofia"]
[Date "2016.09.11"]
[Round "4.2"]
[White "Ginev, Nikola"]
[Black "Andreev, Dobrotich"]
[Result "0-1"]
[WhiteElo "1696"]
[BlackElo "1906"]
[PlyCount "100"]
[EventDate "2016.09.10"]
[EventType "swiss"]
[EventRounds "6"]
[EventCountry "BUL"]

1. Nf3 d5 2. g3 Nf6 3. Bg2 Bf5 4. d3 e6 5. O-O Be7 6. Qe1 h6 7. Nbd2 O-O 8. e4
Bh7 9. e5 Nfd7 10. Qe2 c5 11. Re1 Nc6 12. Nf1 Qc7 13. h4 Nd4 14. Nxd4 cxd4 15.
Bf4 Qb6 16. Rab1 Rfc8 17. h5 Qa5 18. a3 Rc7 19. Nh2 Rac8 20. Rec1 Qa4 21. b3
Qxa3 22. Ra1 Qc5 23. Ng4 Bf8 24. Qd2 Qc3 25. Qe2 a6 26. Bd2 Qc6 27. Bf4 b5 28.
Qd2 Qc3 29. Qe2 Qc6 30. c4 dxc3 31. d4 c2 32. Ne3 Qb6 33. Bxd5 Qxd4 34. Rxa6
Nc5 35. Ra2 exd5 36. Nxc2 Bxc2 37. Raxc2 Ne6 38. Rxc7 Rxc7 39. Rxc7 Nxc7 40.
Qg4 Ne6 41. Qf5 Qe4 42. Qg4 Nxf4 43. gxf4 g5 44. Qd7 gxf4 45. Qxb5 f3 46. Qd7
Qe1+ 47. Kh2 Qxf2+ 48. Kh3 Qg2+ 49. Kh4 Qg5+ 50. Kh3 Be7 0-1

[Event "171nd open MGU"]
[Site "Sofia"]
[Date "2016.09.11"]
[Round "4.5"]
[White "Stamenov, Valeriy"]
[Black "Ignatov, Bojidar"]
[Result "1/2-1/2"]
[WhiteElo "1874"]
[BlackElo "1931"]
[PlyCount "99"]
[EventDate "2016.09.10"]
[EventType "swiss"]
[EventRounds "6"]
[EventCountry "BUL"]

1. e4 c5 2. c3 d5 3. exd5 Nf6 4. d4 cxd4 5. Qa4+ Bd7 6. Qxd4 g6 7. Bc4 Bg7 8.
Ne2 O-O 9. Bf4 b5 10. Bb3 a5 11. O-O Bg4 12. f3 Bf5 13. Ng3 Qd7 14. Na3 Na6 15.
Rad1 Nb8 16. Ra1 Na6 17. Rad1 a4 18. Bc2 Bxc2 19. Nxc2 Rfd8 20. Be5 Nc7 21. Nb4
Qc8 22. Ne4 Nfxd5 23. Bxg7 Nxb4 24. Qxb4 Kxg7 25. Qxe7 Ne8 26. Ng5 Nd6 27. Qe5+
f6 28. Qe7+ Kh6 29. Qxf6 Qc5+ 30. Kh1 Qxg5 31. Rxd6 Qxf6 32. Rxf6 Rd2 33. Rf4
Re8 34. Re4 Rxe4 35. fxe4 Rxb2 36. h3 Rxa2 37. Rb1 Rc2 38. Rxb5 Rxc3 39. Ra5
Rc4 40. e5 Re4 41. e6 Kg7 42. Ra7+ Kf6 43. e7 Kf7 44. Kh2 Ke8 45. Kh1 g5 46.
Kh2 h6 47. Kh1 h5 48. Kh2 g4 49. hxg4 hxg4 50. Kg3 1/2-1/2

[Event "171nd open MGU"]
[Site "Sofia"]
[Date "2016.09.11"]
[Round "4.6"]
[White "Mihalev, Daniil"]
[Black "Kostov, Nikolay"]
[Result "1-0"]
[WhiteElo "1790"]
[BlackElo "1708"]
[PlyCount "101"]
[EventDate "2016.09.10"]
[EventType "swiss"]
[EventRounds "6"]
[EventCountry "BUL"]

1. e4 e5 2. Nf3 Nc6 3. d4 exd4 4. Nxd4 Bc5 5. Be3 Qf6 6. c3 d6 7. g3 a5 8. Bg2
Nxd4 9. cxd4 Bb4+ 10. Nc3 c6 11. O-O Bxc3 12. bxc3 Ne7 13. f4 d5 14. e5 Qg6 15.
Bf2 b5 16. a4 bxa4 17. Rxa4 O-O 18. Qa1 Bf5 19. Qa3 Qe6 20. Ra1 Bd3 21. h3 h5
22. Bf3 Bb5 23. Rxa5 Rxa5 24. Qxa5 Qxh3 25. Bg2 Qg4 26. Kh2 h4 27. Bh3 hxg3+
28. Bxg3 Qe2+ 29. Bg2 Qh5+ 30. Kg1 Nf5 31. Bh2 Qg4 32. Qa2 Bd3 33. Qf2 Be4 34.
Kh1 Bxg2+ 35. Qxg2 Qxg2+ 36. Kxg2 Rb8 37. Ra6 Rb2+ 38. Kh3 c5 39. dxc5 Rb3 40.
Ra8+ Kh7 41. Rc8 Rxc3+ 42. Kg2 d4 43. Bg1 Nh4+ 44. Kf2 Rf3+ 45. Ke2 d3+ 46. Kd2
Rxf4 47. c6 Rc4 48. Kxd3 Rb4 49. c7 Rb7 50. Rh8+ Kxh8 51. c8=Q+ 1-0

[Event "171nd open MGU"]
[Site "Sofia"]
[Date "2016.09.11"]
[Round "4.7"]
[White "Krastev, Krasimir N."]
[Black "Gelemerov, Yane"]
[Result "0-1"]
[WhiteElo "1682"]
[BlackElo "2002"]
[PlyCount "102"]
[EventDate "2016.09.10"]
[EventType "swiss"]
[EventRounds "6"]
[EventCountry "BUL"]

1. e4 e5 2. Nf3 Nc6 3. Bb5 Bc5 4. O-O Nd4 5. Nxd4 Bxd4 6. c3 Bb6 7. d4 c6 8.
Ba4 d6 9. Be3 Qe7 10. Nd2 Nf6 11. Qe2 Ng4 12. h3 Nxe3 13. fxe3 O-O 14. Bb3 a5
15. a4 Be6 16. Bxe6 Qxe6 17. Rf3 d5 18. Raf1 Rae8 19. exd5 cxd5 20. Qb5 Re7 21.
Kh1 Bc7 22. Kg1 f5 23. e4 dxe4 24. Nxe4 exd4 25. Ng5 Qe5 26. Qc4+ Kh8 27. cxd4
Qh2+ 28. Kf2 Qd6 29. Kg1 h6 30. h4 hxg5 31. hxg5 g6 32. Rh3+ Rh7 33. Rff3 Bb6
34. Rxh7+ Kxh7 35. Rh3+ Kg7 36. Kh1 Qxd4 37. Qxd4+ Bxd4 38. b3 Rc8 39. Rd3 Rd8
40. g3 Kf7 41. Kg2 Ke6 42. Kf3 Kd5 43. g4 Rf8 44. gxf5 Rxf5+ 45. Kg4 Ke4 46.
Rd1 Be3 47. Rd7 b6 48. Re7+ Re5 49. Rc7 Rxg5+ 50. Kh3 Kf3 51. Kh2 Rh5# 0-1

[Event "171nd open MGU"]
[Site "Sofia"]
[Date "2016.09.11"]
[Round "5.1"]
[White "Andreev, Dobrotich"]
[Black "Nikolov, Petko"]
[Result "1-0"]
[WhiteElo "1906"]
[BlackElo "1854"]
[PlyCount "59"]
[EventDate "2016.09.10"]
[EventType "swiss"]
[EventRounds "6"]
[EventCountry "BUL"]

1. e4 e6 2. d4 d5 3. Nd2 dxe4 4. Nxe4 Nd7 5. Bd3 Ngf6 6. Qe2 Nxe4 7. Bxe4 Nf6
8. Bxb7 Rb8 9. Bxc8 Qxc8 10. Nf3 Be7 11. O-O O-O 12. c4 Re8 13. Ne5 c5 14. dxc5
Bxc5 15. Bg5 Nd7 16. Nxd7 Qxd7 17. Rfd1 Qb7 18. b3 h6 19. Bh4 Qb6 20. Rd7 Bd4
21. Rd1 e5 22. Qf3 Qe6 23. Qd5 Qg4 24. Qxf7+ Kh8 25. R1xd4 exd4 26. h3 Qd1+ 27.
Kh2 Rg8 28. Bf6 Rbf8 29. Bxg7+ Kh7 30. Bxf8+ 1-0

[Event "171nd open MGU"]
[Site "Sofia"]
[Date "2016.09.11"]
[Round "5.2"]
[White "Metev, Martin"]
[Black "Georgiev, Konstantin G."]
[Result "1-0"]
[WhiteElo "2040"]
[BlackElo "1680"]
[PlyCount "73"]
[EventDate "2016.09.10"]
[EventType "swiss"]
[EventRounds "6"]
[EventCountry "BUL"]

1. e4 c5 2. Nf3 Nc6 3. d4 cxd4 4. Nxd4 Nf6 5. Nc3 e6 6. Be2 Bc5 7. Nb3 Bb4 8.
f3 Qb6 9. Bg5 h6 10. Bh4 Qe3 11. Qd3 Qxd3 12. Bxd3 Ne5 13. Be2 Ng6 14. Bg3 d5
15. O-O-O Bxc3 16. bxc3 dxe4 17. fxe4 Nxe4 18. Bb5+ Ke7 19. Be1 a6 20. Bd3 Nf6
21. c4 Nf4 22. Bb4+ Ke8 23. Bf1 Bd7 24. Bd6 Ng6 25. Bd3 Bc6 26. Rhe1 Rd8 27.
Bxg6 fxg6 28. Rxe6+ Kf7 29. Re7+ Kg8 30. g3 Kh7 31. Na5 Bf3 32. Rd3 b6 33. Nb7
Bxb7 34. Rxb7 Rd7 35. Rxb6 Rhd8 36. c5 Ra7 37. c6 1-0

[Event "171nd open MGU"]
[Site "Sofia"]
[Date "2016.09.11"]
[Round "5.3"]
[White "Gelemerov, Yane"]
[Black "Mihalev, Daniil"]
[Result "1-0"]
[WhiteElo "2002"]
[BlackElo "1790"]
[PlyCount "93"]
[EventDate "2016.09.10"]
[EventType "swiss"]
[EventRounds "6"]
[EventCountry "BUL"]

1. e4 g6 2. d4 Bg7 3. c3 d5 4. e5 c5 5. f4 cxd4 6. cxd4 Nc6 7. Nc3 Nh6 8. Bb5
O-O 9. Bxc6 bxc6 10. Nf3 Bg4 11. O-O Nf5 12. h3 Bxf3 13. Rxf3 Qb6 14. Rd3 e6
15. Na4 Qb5 16. b3 Rfc8 17. g4 Ne7 18. Ba3 Re8 19. Rc1 Bh6 20. Bxe7 Rxe7 21. g5
Bf8 22. Rc5 Qa6 23. b4 Rb7 24. Ra5 Qc4 25. a3 Rb5 26. Rc3 Qa2 27. Ra6 Bxb4 28.
axb4 Rxb4 29. Nc5 Qb2 30. Rc2 Qb1 31. Qxb1 Rxb1+ 32. Kg2 Rb6 33. Rca2 Rab8 34.
Rxa7 Rb2+ 35. Rxb2 Rxb2+ 36. Kf3 Rb8 37. Kg4 Rc8 38. h4 Re8 39. Rc7 Kg7 40.
Rxc6 h5+ 41. Kf3 Re7 42. Rb6 Re8 43. Rb7 Kg8 44. Nd7 Kg7 45. Rb8 Re7 46. Rd8
Re8 47. Rxe8 1-0

[Event "171nd open MGU"]
[Site "Sofia"]
[Date "2016.09.11"]
[Round "5.4"]
[White "Georgiev, Nikolay Zh."]
[Black "Ginev, Nikola"]
[Result "0-1"]
[WhiteElo "1562"]
[BlackElo "1696"]
[PlyCount "70"]
[EventDate "2016.09.10"]
[EventType "swiss"]
[EventRounds "6"]
[EventCountry "BUL"]

1. e4 d6 2. Bc4 Nf6 3. d3 g6 4. Bb3 Bg7 5. f4 e5 6. fxe5 dxe5 7. Nf3 Nc6 8. Ba4
O-O 9. Bxc6 bxc6 10. O-O Rb8 11. Nbd2 Bg4 12. Nc4 Nd7 13. Be3 Nb6 14. b3 Qe7
15. a4 Nxc4 16. dxc4 Rbd8 17. Qe2 f5 18. Bxa7 fxe4 19. Qxe4 c5 20. Qc6 Bxf3 21.
Rxf3 Rxf3 22. Bxc5 Qg5 23. Qxf3 e4 24. Be3 Qe5 25. Qf1 Qxa1 26. Qxa1 Bxa1 27.
a5 Bc3 28. a6 Ba5 29. Bc5 Rb8 30. a7 Ra8 31. b4 Bb6 32. Bxb6 cxb6 33. c5 bxc5
34. b5 Rxa7 35. c4 Ra4 0-1